000 00849nam a22002777a 4500
001 BR8704061
003 BR-BrBNA
005 20230928092647.0
007 ta
008 230509b bl.||||| |||| 00| 0 por d
040 _aBR-BrBNA
_bpor
_cBiblioteca Nacional de Agricultura
041 _a(Por)
072 _aD50; H01
_b3870
090 _ 3870 BR8704061
100 1 _aGelmini, G.A.
100 1 _aNovo, J.P.S.
100 1 _aZamariolli, D.P.
110 1 _aCoordenadoria de Assistencia Tecnica Integral, Campinas, SP (Brasil). Depto. de Extensao Rural
_92967
245 1 _aColetanea de portaria e informacoes gerais sobre defensivos agricolas e receituario agronomico
260 3 _aCampinas, SP (Brasil):
_c1986.
300 _a371 p.
650 _aDEFENSIVO
650 _aLEGISLACAO
909 _a202309
_bLucia
_c55
_dLucia Elande
942 _cBK
999 _c40449
_d40449